000 00628nam a2200229 i 4500
001 C2-0076399
003 PPAK
005 20180727082114.0
008 970429s1989 xxka|||| ||||| | eng d
020 _a0721495907
040 _aPPAK
_beng
_cPPAK
_erda
082 0 4 _a398.8
_223
090 0 0 _a398.8
_bLIT
_dK
245 0 0 _aLittle Tommy Tucker and other nursery rhymes
264 1 _aLoughborough :
_bLadybird Books ,
_c1989
300 _a[26 pages] :
_billustrations ;
_c18 cm
336 _2rdacontent
_atext
337 _2rdamedia
_aunmediated
338 _2rdacarrier
_avolume
650 1 0 _aNursery rhymes
942 _ddc
_cB
999 _c11844
_d11844